00519 2200193 4500001002100000005001500021035002000036245005500056100002000111250000600131300003500137260003800172082001100210084001700221020002200238650003100260990001700291990001700308INLIS00000000000032120181002034706 a0010-10180000111 aTombak Islam :bZaid Bin Harist /cTim Al Maktabah0 aTim Al Maktabah a- aiv, 44 hlm. :bilus. ;c25 cm. aSurabaya :bCV Al Maktabah,c2008 a297.09 a297.09 TIM t a978-979-0409-51-4 aKeluarga Nabi Muhammad SAW a01339/P/2018 a01340/P/2018